| 000 | 00942cab a2200217 4500 | ||
|---|---|---|---|
| 001 | ABS40246 | ||
| 008 | 090401t1989 xxu||||| |||| 00| 0 eng d | ||
| 035 | _a(Sirsi) u22493 | ||
| 041 | _aeng | ||
| 100 | _aBond, R. | ||
| 245 | _aGreening the grey areas | ||
| 260 | _c1989 | ||
| 350 | _a0 | ||
| 490 |
_aSurveyor (PWW) _v 171(5026) 29 December 1988/5 January 1989, 1 |
||
| 520 | _aReports on the Countryside Commission `s attempts to persuade local authorities to consider a change of forestry policy from vast conifer afforestation in highland areas to a deciduous/coniferous mix in the lowlands. Advocates the establishment of fringe forests in and around major cities - urban forestry , and the planting of a new "New Forest" in the Midlands. Describes forestry initiatives already underway. | ||
| 650 | _aCOUNTRYSIDE 2000 | ||
| 650 | _aFOREST OF LONDON PROJECT | ||
| 690 | _aRURAL PRACTICE | ||
| 942 | _n0 | ||
| 948 | _c04/03/1997 | ||
| 999 |
_c15072 _d15072 |
||